100 Biggest US Cities in 1960 - Statistics

General Stats
  • This quiz has been taken 135 times
  • The average score is 76 of 100
Answer Stats
Population City % Correct
3,550,404 Chicago
100%
1,670,144 Detroit
100%
7,781,984 New York City
100%
2,002,512 Philadelphia
100%
939,024 Baltimore
99%
697,197 Boston
99%
2,479,015 Los Angeles
99%
740,316 San Francisco
99%
750,026 St. Louis
99%
679,684 Dallas
97%
493,887 Denver
97%
938,219 Houston
97%
487,455 Atlanta
96%
876,050 Cleveland
96%
741,324 Milwaukee
94%
627,525 New Orleans
94%
439,170 Phoenix
94%
604,332 Pittsburgh
94%
573,224 San Diego
94%
557,087 Seattle
94%
291,688 Miami
93%
587,718 San Antonio
93%
502,550 Cincinnati
91%
372,676 Portland
91%
763,956 Washington, DC
91%
532,759 Buffalo
89%
121,901 Kansas City, KS
89%
475,539 Kansas City, MO
89%
482,872 Minneapolis
89%
170,874 Nashville
89%
144,422 Jackson
87%
390,639 Louisville
87%
497,524 Memphis
87%
318,611 Rochester
87%
274,970 Tampa
87%
201,564 Charlotte
86%
476,258 Indianapolis
86%
471,316 Columbus
84%
201,030 Jacksonville
84%
219,958 Richmond
84%
324,253 Oklahoma City
83%
276,101 Jersey City
81%
204,196 San Jose
81%
186,545 Austin
80%
340,887 Birmingham
80%
276,687 El Paso
79%
405,220 Newark
79%
367,548 Oakland
79%
318,003 Toledo
79%
290,351 Akron
77%
356,268 Fort Worth
77%
207,498 Providence
77%
313,411 St. Paul
77%
212,892 Tucson
77%
126,706 Madison
76%
152,048 New Haven
76%
261,685 Tulsa
76%
254,698 Wichita
76%
177,313 Grand Rapids
74%
189,454 Salt Lake City
74%
174,463 Springfield, MA
74%
216,038 Syracuse
74%
201,189 Albuquerque
73%
208,982 Des Moines
73%
161,776 Fort Wayne
73%
162,178 Hartford
73%
129,726 Albany
71%
152,419 Baton Rouge
71%
262,332 Dayton
70%
301,598 Omaha
70%
191,667 Sacramento
70%
181,608 Spokane
70%
156,748 Bridgeport
69%
202,779 Mobile
69%
305,872 Norfolk
67%
133,929 Fresno
64%
134,393 Montgomery
63%
138,440 Erie
61%
186,587 Worcester
61%
190,634 Yonkers
61%
178,320 Gary
57%
128,521 Lincoln
57%
149,245 Savannah
57%
294,194 Honolulu
56%
344,168 Long Beach
56%
130,009 Chattanooga
53%
196,940 Flint
53%
163,401 Arlington, VA
51%
164,372 Shreveport
51%
147,979 Tacoma
51%
132,445 South Bend
50%
119,574 Greensboro
47%
166,689 Youngstown
47%
167,690 Corpus Christi
43%
143,663 Paterson
43%
126,706 Rockford
41%
181,298 St. Petersburg
40%
141,543 Evansville
39%
128,691 Lubbock
34%
137,969 Amarillo
26%
No matching quizzes found
Score Distribution
Percent of People with Each Score
Percentile by Number Answered
Your Score History
You have not taken this quiz